000 00712nam a22002777a 4500
001 BR8903974
003 BR-BrBNA
005 20230928093258.0
007 ta
008 230509b bl.||||| |||| 00| 0 por d
040 _aBR-BrBNA
_bpor
_cBiblioteca Nacional de Agricultura
041 _a(Por)
072 _aN10
090 _ N10 BR8903974
100 1 _aPolitano, W.
100 1 _aLopes, L.R.
100 1 _aAmaral, C.
245 1 _aO papel das estradas na economia rural
260 3 _aSao Paulo, SP (Brasil):
_bNobel,
_c1989.
300 _a78 p.
500 _a28 illus.; 19 ref.
650 _aESTRADA VICINAL
650 _aENGENHARIA CIVIL
909 _a202309
_bLucia
_c55
_dLucia Elande
942 _cBK
999 _c44049
_d44049